1881 1948 1456 1547 1960 1017 1108 1431 1015 1971 1614 1256 1571 1575 1164 1389 1275 1521 1478 1211 1684 1301 1585 1216 1772 1906 1727 1080 1156 1556 1279 1366 1282 1285 1954 1198 1726 1430 1231 1911 1833 1390 1978 1857 1126 1455 1358 1960 1707 1400 1743 1298 1097 1779 1373 1333 1506 1765 1193 1617 1033 1725 1893 1030 1930 1259 1029 1140 1285 1456 1609 1864 1511 1598 1249 1023 1287 1673 1433 1779 1134 1035 1595 1290 1095 1538 1534 1820 1030 1749 1633 1561 1520 1099 1938 1315 1916 1236 1526 BCNSPRNW ULIB Ver.6.0+V

เปลี่ยนเป็นภาษาไทย

Change to English
 แสดงรายละเอียดบรรณานุกรม
  กลับหน้าหลัก

Brief Record : Get Marc (ISO 2709) : E-mail record : QR code < ปิดหน้าต่าง
LEADER : 00000nam 2200000uu 4500
001    13399112398
003     ULIB
008    110810s2550||||th 000 0 tha d
020    9749204727
050 04 HF5734^bส882ค 2550
100 0  ปกรณ์ สุวรรณประภา
245 10 คุณครับมาประชุมกันเถอะ /^cปกรณ์ สุวรรณประภา
260    กรุงเทพฯ :^bสถาบันชุมชนท้องถิ่นพัฒนา ,^c2550
300    211 หน้า :^bภาพประกอบ ;^c21 ซม.
440  0 ชุดโครงการวิจัยและพัฒนาชีวิตสาธาณะ-ท้องถิ่นน่าอยู่
650  7 การประชุม
650  7 กระบวนการประชุม
740 0  คุณครับมาประชุมกันเถอะ ตอน จัดการประชุมอย่างไรได้กำไรทุกค
945    ^p145^l0^i026712
995    ทศพร
999 ^a ทศพร
รายการนี้ยังไม่มีแท็ก
คุณยังไม่ได้ล็อกอิน คุณสามารถมีกิจกรรมร่วมกับเว็บไซต์ได้ แต่ต้องล็อกอินก่อน ::
  ล็อกอิน

รายการสื่อสารสนเทศ

ลำดับที่ ประเภท เลขเรียก/บาร์โค้ด สถานที่ สถานะ
- ไม่พบข้อมูล -

รายการใกล้เคียง
    ผู้แต่ง [ปกรณ์ สุวรรณประภา]

    หัวเรื่อง [การประชุม]

BibComment


ยังไม่เคยถูกคอมเมนท์

คอมเมนท์ทรัพยากรรายการนี้
  คอมเมนท์: คุณครับมาประชุมกั..


 Copyright 2026. Bcnsprnw @Library